Charakteristika a formy pojmovej mapy

Charakteristika pojmovej mapy. Formy pojmovej mapy podľa formy zobrazenia informácie: pavúková pojmová mapa, hierarchická, systémová, panoramatická, trojrozmerná, mandalová pojmová mapa. Osem typov pojmových máp podľa D. Hyerle-ho.

Uložené v:
Podrobná bibliografia
Hlavný autor: Kucharová, Jana, 1981-
Médium: Kapitola
Jazyk:Slovak
Predmet:
Tagy: Pridať tag
Žiadne tagy, Buďte prvý, kto otaguje tento záznam!

MARC

LEADER 00000naa a2200000 4500
001 0264813
005 20240502074206.9
041 0 |a slo 
044 |a SK 
245 1 0 |a Charakteristika a formy pojmovej mapy  |c Jana Kucharová 
520 |a Charakteristika pojmovej mapy. Formy pojmovej mapy podľa formy zobrazenia informácie: pavúková pojmová mapa, hierarchická, systémová, panoramatická, trojrozmerná, mandalová pojmová mapa. Osem typov pojmových máp podľa D. Hyerle-ho. 
610 2 0 |a vzdelávanie 
610 2 0 |a vedomosti 
610 2 0 |a pojmy 
610 2 0 |a informácie 
100 1 |a Kucharová, Jana, 1981-